| 000 | 00698nam a2200229Ia 4500 | ||
|---|---|---|---|
| 003 | OSt | ||
| 005 | 20220125094637.0 | ||
| 008 | 210716s2010 xx 000 0 und d | ||
| 020 | _a9788182091900 | ||
| 040 | _cAIMIT LIBRARY | ||
| 041 | _aeng | ||
| 082 |
_a332.12 _22 _bGURS |
||
| 100 |
_aGurusamy,S. _914646 |
||
| 245 |
_aMerchant banking and financial services / _cby S Gurusamy. |
||
| 250 | _a[2nd ed.] | ||
| 260 |
_aNew Delhi : _bTata McGraw Hill Publishing Company Ltd , _c2010 . |
||
| 300 |
_axv, 460p. ; _c24 cm. |
||
| 650 |
_aCapital market _914647 |
||
| 650 |
_aNational stock exchange _914648 |
||
| 650 |
_aPortfolio management services _914649 |
||
| 942 |
_2ddc _cBK _e2nd _k332.12 GURS |
||
| 999 |
_c203780 _d203780 |
||